书目信息 |
| 题名: |
石膏几何体
|
|
| 作者: | 朱雯捷 编 | |
| 分册: | ||
| 出版信息: | 上海 上海人民美术出版社 2006.01 |
|
| 页数: | 28页 | |
| 开本: | 20cm | |
| 丛书名: | 素描入门临摹绘本 | |
| 单 册: | ||
| 中图分类: | J214 | |
| 科图分类: | ||
| 主题词: | ||
| 电子资源: | ||
| ISBN: | 7-5322-4641-8 | |
| 000 | 00576nam0 2200205 450 | |
| 001 | 0636585990 | |
| 005 | 20060526160521.62 | |
| 010 | @a7-5322-4641-8@dCNY 10.00 | |
| 100 | @a20060507d2006 km y0chiy0120 ea | |
| 101 | 0 | @achi |
| 102 | @aCN@b310000 | |
| 200 | 1 | @a石膏几何体@Ashi gao ji he ti@f朱雯捷编@Fzhu wen jie bian |
| 210 | @a上海@c上海人民美术出版社@d2006.01 | |
| 215 | @a28页@d20cm | |
| 225 | 2 | @a素描入门临摹绘本 |
| 410 | 0 | @12001 @a素描入门临摹绘本 |
| 690 | @aJ214@v4 | |
| 701 | 0 | @a朱雯捷@Azhu wen jie@4编 |
| 801 | 0 | @aCN@bPFT@c20060526 |
| 905 | @a10447@dJ214@eZ8821 | |
| 石膏几何体/朱雯捷编.-上海:上海人民美术出版社,2006.01 |
| 28页;20cm.-(素描入门临摹绘本) |
| ISBN 7-5322-4641-8:CNY 10.00 |
| ● |
| 相关链接 |
|
|
|
正题名:石膏几何体
索取号:J214/Z8821
 
预约/预借
| 序号 | 登录号 | 条形码 | 馆藏地/架位号 | 状态 | 备注 |
| 1 | 604385 | 206043850 | 社科库309/309社科库 997排4列3层/ [索取号:J214/Z8821] | 在馆 | |
| 2 | 604386 | 206043869 | 自科二线404/309社科库 997排1列2层/ [索取号:J214/Z8821] | 在馆 |